[Event "Bydgoszcz PGNiG Blitz"]
[Site "Bydgoszcz"]
[Date "2021.09.19"]
[Round "1"]
[White "Janik, Igor"]
[Black "Krysztopa Czuprynska, Barbara"]
[Result "1-0"]
[WhiteElo "2484"]
[BlackElo "1702"]
[PlyCount "73"]
[EventDate "2021.09.19"]
[EventType "swiss (blitz)"]
[EventRounds "13"]
[EventCountry "POL"]
[SourceTitle "CBM 204 Extra"]
[Source "ChessBase"]
[SourceDate "2021.11.30"]
[SourceVersion "1"]
[SourceVersionDate "2021.11.30"]
[SourceQuality "1"]

1. d4 Nf6 2. c4 e5 3. dxe5 Ng4 4. e3 Nxe5 5. f4 Ng6 6. Nf3 Bb4+ 7. Kf2 0-0 8. a3 Be7 9. Nc3 d6 10. b4 Bg4 11. Be2 Bh4+ 12. g3 Bf6 13. Bb2 Bh3 14. Qd2 Re8 15. Rhe1 Qe7 16. Nd5 Qd8 17. Nxf6+ gxf6 18. Bd3 c6 19. Nd4 d5 20. c5 Qe7 21. Nf5 Bxf5 22. Bxf5 Na6 23. Qd4 Nc7 24. Qxf6 Qxf6 25. Bxf6 Ne6 26. h4 Ne7 27. Bh3 Nf8 28. h5 Rad8 29. a4 Nd7 30. Bd4 f6 31. b5 Kf7 32. Reb1 Nf8 33. bxc6 Nxc6 34. Rxb7+ Re7 35. Rab1 Ne6 36. Rxe7+ Kxe7 37. Rb7+ 1-0